000 01158nam a22003377i 4500
003 EG-GICUC
005 20260420094334.0
008 260420s1949 fr |||fr|||| 00| 0 fre d
040 _aEG-GiCUC
_cEG-GiCUC
_dEG-GiCUC
_eRda
082 0 4 _221
_a343.411
_bAY . L
092 0 4 _221
099 _aLaw1 10 343.411 AY . L 1949
100 1 _aAydalot, Maurice
_eAuteur
245 1 0 _aLegislation Penale En Matiere Commerciale /
_cMaurice Aydalot, Maurice Patin, Paul Caujolle.
250 _aDeuxieme Edition
264 1 _aParis :
_bPresses Universitaires De France
_c1949.
300 _a400 page ;
_c 24 cm.
336 _2rda contenu
_a texte
337 _2rda medias
_aOrdinateur
338 _2 transporteur rda
_a Ressource en ligne
500 _aCOURS PROFESSE A L'ECOLE NATIONALE D'ORGANISATION ECONOMIQUE ET SOCIALE
546 _aTexte en français
650 1 4 _aCode pénal économique
_2qrmak
650 1 4 _aDroit pénal complémentaire
651 1 _2qrmak
700 1 _aPatin, Maurice
_eAuteur
700 1 _aCaujolle, Paul
_eAuteur
856 4 0 _uhttps://fll.law.cu.edu.eg/fulltext/bks/B10-10536.pdf
905 _a161
942 _2ddc
_cBK
_e21
_n0
999 _c72072
_d72072